000 00912nam a2200229Ii 4500
003 JO-AjNU
008 230605s9999||||xx |||||||||||||| ||und||
017 _a2012/5/1545
020 _a978-9957-06-925-4
040 _aJO-AjNU
_bara
_erda
_cJO-AjNU
041 _aara
050 1 4 _aDS62.8.S2 2013
100 3 _aتأليف: صبرة،عفاف سيد، م. مشارك مصطفى محمد الحناوي,
_eauthor
_960234
245 0 0 _aحاضر العالم الاسلامي=The Recent Muslim World
250 _aالطبعة الاولى
264 3 1 _aعمان: دار المسيرة للنشر والتوزيع، 2013
300 _a352ص
_b ويحتوي على قائمة مراجع من ص347ص- 352ص
336 _atext
_btxt
_2rdacontent
337 _aunmediated
_bn
_2rdamedia
338 _avolume
_bnc
_2rdacarrier
650 4 _aالتاريخ الاسلامي-البلدان الاسلامية
_960235
999 _aA27150
_c30718
_d30718